000 01141cab a22002175a 4500
001 L145571
008 081022e20080916xxk f v 000 0 eng d
035 _a(Sirsi) u145571
041 0 _aeng
100 1 _aWarwick, Mark
245 0 4 _aThe wrong way to recover service charges
260 _c2008
490 0 _aSolicitors Journal
_v152(35) 16 September 2008, 11-13(2)
520 _aDiscusses the important Court of Appeal ruling in Leonora Investment Co v Mott Macdonald Ltd (see L145457), on whether a landlord could claim the cost of improvement works as a service charge, where there had been a failure to comply with the procedure set out in the service charge clause in the lease. Concludes that landlords must follow the terms of leases strictly when recovering service charges or face loosing their investment.
590 _aKA
650 2 4 _aLEONORA V MOTT MACDONALD
650 2 4 _aUNIVERSITIES SUPERANNUATION SCHEME LTD V MARKS & SPENCER PLC
651 4 _aEngland and Wales
_y1543-
690 _aPROPERTY-COMMERCIAL PROPERTY-LEASEHOLD COMMERCIAL PROPERTY-COMMERCIAL LANDLORD AND TENANT-COMMERCIAL SERVICE CHARGES
942 _n0
999 _c80883
_d80883